000 00752cam a22002411 4500
001 3108672
005 20180130040901.0
008 731030m19351975nyuabc b 000 0 eng
010 _a 35010016
020 _a0671013203
040 _aDLC
_cDLC
_dDLC
041 _aeng
051 _a909
_b.D85 Copy 6
_cVol. 2 (The life of Greece) and v. 5 (The Renaissance) only. With bookplate of Rouben Mamoulian.
080 _a909
082 0 0 _a909 DUR
100 1 _a16
101 _aHIS
245 1 4 _aThe story of civilization.
504 _aIncludes bibliographies.
906 _a7
_bcbc
_cpremver
_du
_eocip
_f19
_gy-gencatlg
942 _2ddc
_cBK
999 _c41245
_d41245